| 000 | 00719cam a2200217 4500 | ||
|---|---|---|---|
| 001 | WB3617-36 | ||
| 008 | 000000n2000 000 0 eng u | ||
| 035 | _a(Sirsi) u105791 | ||
| 245 | _aKey role for planning | ||
| 260 | _c2000 | ||
| 490 |
_aPlanning (for the Natural and Built Environment) _v(1366) 28 April 2000, 9(1) |
||
| 520 | _aLooks at the role which planners will play in implementing the government action plan for farming, including the use of the England Rural Development Plan. | ||
| 590 | _aWB | ||
| 650 | _aFARMING | ||
| 650 | _aGOVERNMENT POLICY | ||
| 650 | _aENGLAND RURAL DEVELOPMENT PLAN | ||
| 650 | _aRURAL PLANNING | ||
| 650 | _aPLANNING POLICY | ||
| 690 |
_aRural _96268 |
||
| 942 | _n0 | ||
| 999 |
_c63346 _d63346 |
||